000 01712nam1a2200313 i 4500
001 RU\NLR\bibl\1651485
005 20241214103322.0
010 _a978-5-383-00501-9
035 _a(NLR Aleph) 001642804
090 _a872691
_c872691
100 _a20100701g20109999u y0rusy50 ca
101 0 _arus
102 _aRU
105 _a||||j |||||
200 1 _aОсновы современной энергетики
_eучебник для студентов высших учебных заведений, обучающихся по направлениям подготовки "Теплоэнергетика", "Электроэнергетика", "Энергомашиностроение"
_eучебное пособие для системы подготовки, переподготовки и повышения квалификации персонала энергетических компаний, а также вузов, осуществляющих подготовку энергетиков
_eв 2 т.
_fпод общ. ред. чл.-корр. РАН Е.В. Аметистова
205 _a5-е изд., стер.
210 _aМосква
_cИзд-во МЭИ
_d2010
215 _d24
463 0 _10011527497
463 0 _10011661860
606 1 _aЭнергетика
_jУчебники для высших учебных заведений
_9919067
_3RU\NLR\auth\6617591
686 _aЗ1я73-1
702 1 _aАметистов
_bЕ. В.
_gЕвгений Викторович
_4340
801 0 _aRU
_bNLR
_c20100701
_gRCR
801 1 _aRU
_bNLR
_c20100701
830 _aпо эк
852 _aNLR
_j2010-7/3383
942 _cBOOK